000 00418nam a2200157 a 4500
001 000032691
005 20200930065759.0
008 110725s1965 dr 000 0 spa d
040 _aDO-SdBNP
_bspa
_cBNPHU
041 1 7 _aeng
100 1 _aKurzman, Dan
_958538
245 1 0 _aSanto Domingo :
_brevolt of the damned /
_cDan Kurman.
260 _aNew York :
_bPutnam,
_c1965.
300 _a310 p. ;
_c23 cm.
049 _aBNPD
999 _c32182
_d32182